Statistics for Rock Band Synonyms

Click here to take the quiz!

General Stats

  • This quiz has been taken 170 times
    (169 since last reset)
  • The average score is 12 of 26

Answer Stats

HintAnswer% Correct
SmoochKiss
90%
MurderersThe Killers
88%
Female-MonarchQueen
87%
Alternating Current/Direct CurrentAC/DC
75%
Profound violetDeep Purple
73%
HurryRush
68%
Fertile-Desert-SpotOasis
66%
GatesThe Doors
63%
Earless PantherDef Leppard
60%
Earth-element blimpLed Zeppelin
60%
Midwestern-StateKansas
54%
Twist PhysiciansSpin Doctors
52%
TripJourney
50%
FowlsThe Byrds
43%
BeginningGenesis
36%
Ocean-bead jellyPearl Jam
34%
Verdant Light-TimeGreen Day
33%
RaptorsEagles
32%
OintmentCream
31%
Sensational Hobo (one word)Supertramp
30%
BatonsStyx
29%
Envision BasilisksImagine Dragons
26%
PanaceaCure
22%
AirfoilsWings
11%
The Sharp-TwistsThe Kinks
10%
SkirmishThe Clash
6%

Score Distribution

Percentile by Number Answered

Percent of People with Each Score

Your Score History

You have not taken this quiz since the last reset